[Event "10th dMP Batavia GM 2018"]
[Site "Amsterdam NED"]
[Date "2018.02.23"]
[Round "1.1"]
[White "Nijboer, Friso"]
[Black "Kashlinskaya, Alina"]
[Result "0-1"]
[WhiteTitle "GM"]
[BlackTitle "IM"]
[WhiteElo "2510"]
[BlackElo "2459"]
[WhiteFideId "1000063"]
[BlackFideId "4198026"]
[EventDate "2018.02.23"]

1. e4 e5 2. Nf3 Nf6 3. Nxe5 d6 4. Nf3 Nxe4 5. Nc3 Nxc3 6. dxc3 Be7 7. Be3 Nc6 8.
Bd3 Be6 9. Qe2 Bf6 10. O-O-O Qe7 11. Kb1 a6 12. h3 O-O-O 13. Rhe1 h5 14. Nd2 Ne5
15. Bxa6 bxa6 16. f4 Nc6 17. Qxa6+ Kd7 18. f5 Bxf5 19. Bf4 Be6 20. Ne4 Nb8 21.
Qb7 Ke8 22. c4 Be5 23. Bxe5 dxe5 24. Rxd8+ Qxd8 25. Nc5 Ke7 26. b3 Qd6 27. Nd3
Nd7 28. Qe4 f6 29. Qg6 Bf7 30. Qxg7 Rg8 31. Qh7 Rxg2 32. Nf4 Nf8 33. Qe4 Rh2 34.
Nd5+ Bxd5 35. cxd5 Rxh3 36. Rg1 Kf7 37. Qg2 Rh4 38. Qg8+ Ke8 39. Rg7 Rg4 0-1

[Event "10th dMP Batavia GM 2018"]
[Site "Amsterdam NED"]
[Date "2018.02.23"]
[Round "1.2"]
[White "Kevlishvili, Robby"]
[Black "Vrolijk, Liam"]
[Result "1/2-1/2"]
[WhiteTitle "IM"]
[BlackTitle "FM"]
[WhiteElo "2469"]
[BlackElo "2427"]
[WhiteFideId "1040634"]
[BlackFideId "1048333"]
[EventDate "2018.02.23"]

1. e4 e6 2. d4 d5 3. Nc3 Bb4 4. Bd3 dxe4 5. Bxe4 Nf6 6. Bf3 O-O 7. a3 Bd6 8.
Nge2 e5 9. Bg5 h6 10. Bh4 Nbd7 11. Bd5 exd4 12. Qxd4 Be5 13. Qd2 Nb6 14. O-O-O
Nbxd5 15. Bxf6 Bxf6 16. Nxd5 Be6 17. Nxf6+ Qxf6 18. Qf4 Qxf4+ 19. Nxf4 Rfe8 20.
Rhe1 Bg4 21. f3 Rxe1 22. Rxe1 Bd7 23. Nd5 c6 24. Re7 Rd8 25. Nf4 Kf8 26. Re5 b6
27. b4 Re8 28. Rxe8+ Kxe8 29. Kd2 Ke7 30. Ke3 g6 31. Kd4 Kd6 32. c4 c5+ 33.
bxc5+ bxc5+ 34. Kc3 Bc6 35. Nd3 Bb7 36. Nf2 f5 37. Kd3 g5 38. Nd1 Bc6 39. Nc3 a6
40. Nb1 Ke5 41. Nd2 f4 42. Nb3 Kd6 43. Nd2 Ke5 44. Nb3 Kd6 45. Nd2 Ke5 1/2-1/2

[Event "10th dMP Batavia GM 2018"]
[Site "Amsterdam NED"]
[Date "2018.02.23"]
[Round "1.3"]
[White "Fier, Alexandr"]
[Black "Zatonskih, Anna"]
[Result "1-0"]
[WhiteTitle "GM"]
[BlackTitle "IM"]
[WhiteElo "2544"]
[BlackElo "2447"]
[WhiteFideId "2107139"]
[BlackFideId "14101572"]
[EventDate "2018.02.23"]

1. c4 e6 2. Nf3 d5 3. b3 Nf6 4. g3 d4 5. Bg2 c5 6. e3 Nc6 7. exd4 cxd4 8. O-O
Be7 9. d3 O-O 10. Re1 Nd7 11. Na3 e5 12. Nc2 a5 13. Ba3 Bxa3 14. Nxa3 Re8 15.
Nd2 Nc5 16. Ne4 Nxe4 17. Bxe4 Be6 18. Nb5 Qd7 19. c5 Re7 20. Nd6 Rb8 21. Qh5 g6
22. Bxc6 gxh5 23. Bxd7 Bxd7 24. Nc4 Bb5 25. Rxe5 Rxe5 26. Nxe5 Rc8 27. Rc1 f6
28. Nf3 Rd8 29. Ne1 Kf7 30. Kf1 h4 31. Ke2 hxg3 32. hxg3 Bc6 33. Kd2 h5 34. Nc2
Rd5 35. b4 h4 36. gxh4 Rf5 37. Nxd4 Rxf2+ 38. Ke3 Rxa2 39. Nxc6 bxc6 40. b5 Rh2
41. bxc6 Rxh4 42. Ra1 Ke6 43. Rxa5 Kd5 44. c7 Rh3+ 45. Kd2 Rh8 46. Kc3 Rc8 47.
d4 Rxc7 48. Ra6 f5 49. Kd3 Rd7 50. Rf6 1-0

[Event "10th dMP Batavia GM 2018"]
[Site "Amsterdam NED"]
[Date "2018.02.23"]
[Round "1.4"]
[White "Beerdsen, Thomas"]
[Black "Santos Ruiz, Miguel"]
[Result "1/2-1/2"]
[WhiteTitle "IM"]
[BlackTitle "IM"]
[WhiteElo "2445"]
[BlackElo "2505"]
[WhiteFideId "1030108"]
[BlackFideId "22291482"]
[EventDate "2018.02.23"]

1. e4 c5 2. Nf3 d6 3. d4 cxd4 4. Nxd4 Nf6 5. Nc3 a6 6. a3 Nc6 7. Bc4 e6 8. Ba2
Be7 9. Be3 Qc7 10. Qe2 b5 11. f4 O-O 12. O-O Nxd4 13. Bxd4 e5 14. Bf2 Be6 15. f5
Bxa2 16. Rxa2 Rfc8 17. Bh4 Qc4 18. Qxc4 Rxc4 19. Bxf6 Bxf6 20. Rd1 Bd8 21. Rxd6 1/2-1/2

[Event "10th dMP Batavia GM 2018"]
[Site "Amsterdam NED"]
[Date "2018.02.23"]
[Round "1.5"]
[White "Sokolov, Ivan"]
[Black "Bosboom, Manuel"]
[Result "0-1"]
[WhiteTitle "GM"]
[BlackTitle "IM"]
[WhiteElo "2567"]
[BlackElo "2403"]
[WhiteFideId "14400030"]
[BlackFideId "1000080"]
[EventDate "2018.02.23"]

1. d4 Nf6 2. c4 g6 3. Nc3 Bg7 4. e4 d6 5. Be2 Nbd7 6. Nf3 e5 7. Qc2 exd4 8. Nxd4
O-O 9. Bg5 c6 10. Rd1 Re8 11. O-O a5 12. Rfe1 a4 13. Bf1 Qa5 14. Bf4 Ne5 15. h3
Nfd7 16. Be3 Nc5 17. f4 Ned7 18. Bf2 Bh6 19. g3 Nf6 20. Nf3 Bf8 21. Kh2 Nh5 22.
a3 Nf6 23. Bg2 Nb3 24. Nd4 Qh5 25. Nxb3 axb3 26. Qxb3 Ng4+ 27. Kg1 Nxf2 28. Kxf2
d5 29. cxd5 Bc5+ 30. Kf1 Bxh3 31. Rd3 Bg4 32. Na4 Rxa4 33. Qxa4 Qh2 34. Ree3 h5
35. Qc2 Bxe3 36. Rxe3 cxd5 37. Qf2 d4 38. Re1 d3 39. Qe3 Rd8 0-1

[Event "10th dMP Batavia GM 2018"]
[Site "Amsterdam NED"]
[Date "2018.02.24"]
[Round "2.1"]
[White "Kashlinskaya, Alina"]
[Black "Fier, Alexandr"]
[Result "0-1"]
[WhiteTitle "IM"]
[BlackTitle "GM"]
[WhiteElo "2459"]
[BlackElo "2544"]
[WhiteFideId "4198026"]
[BlackFideId "2107139"]
[EventDate "2018.02.23"]

1. d4 d5 2. c4 e6 3. Nc3 c6 4. e4 dxe4 5. Nxe4 Bb4+ 6. Bd2 Qxd4 7. Bxb4 Qxe4+ 8.
Be2 Na6 9. Ba5 f6 10. Nf3 b6 11. Nd2 Qf4 12. Bh5+ g6 13. Bf3 Qe5+ 14. Kf1 Qc7
15. Bc3 e5 16. Ne4 Kf7 17. Nd6+ Kf8 18. Nb5 cxb5 19. Bxa8 b4 20. Be1 Ne7 21. a3
bxa3 22. b3 Kg7 23. Rxa3 Nc5 24. Bf3 a5 25. b4 Rd8 26. Qa1 Nb3 27. Qb2 Nd4 28.
h3 Nxf3 29. Rxf3 Qxc4+ 30. Kg1 Bb7 31. Qc3 Qb5 32. Rg3 Nf5 33. Rg4 Rc8 34. Qa3
h5 35. bxa5 hxg4 36. hxg4 Qd5 37. Qh3 Nh4 38. a6 Ba8 39. f3 Qd4+ 40. Kf1 Bd5 0-1

[Event "10th dMP Batavia GM 2018"]
[Site "Amsterdam NED"]
[Date "2018.02.24"]
[Round "2.2"]
[White "Santos Ruiz, Miguel"]
[Black "Zatonskih, Anna"]
[Result "1/2-1/2"]
[WhiteTitle "IM"]
[BlackTitle "IM"]
[WhiteElo "2505"]
[BlackElo "2447"]
[WhiteFideId "22291482"]
[BlackFideId "14101572"]
[EventDate "2018.02.23"]

1. e4 e5 2. Nf3 Nf6 3. Nxe5 d6 4. Nf3 Nxe4 5. Nc3 Nxc3 6. dxc3 Be7 7. Be3 O-O 8.
Qd2 Qe8 9. Bd3 Qa4 10. Nd4 a6 11. O-O Bf6 12. Bg5 Bxg5 13. Qxg5 Nc6 14. Qh4 g6
15. Qf6 Nxd4 16. cxd4 Re8 17. f4 Re6 18. Qd8+ Re8 19. Qf6 Re6 20. Qd8+ Re8 21.
Qf6 1/2-1/2

[Event "10th dMP Batavia GM 2018"]
[Site "Amsterdam NED"]
[Date "2018.02.24"]
[Round "2.3"]
[White "Beerdsen, Thomas"]
[Black "Kevlishvili, Robby"]
[Result "0-1"]
[WhiteTitle "IM"]
[BlackTitle "IM"]
[WhiteElo "2445"]
[BlackElo "2469"]
[WhiteFideId "1030108"]
[BlackFideId "1040634"]
[EventDate "2018.02.23"]

1. e4 e5 2. Nf3 Nc6 3. Nc3 Nf6 4. a3 g6 5. Bc4 Bg7 6. d3 d6 7. h3 h6 8. Be3 Qe7
9. Qd2 Be6 10. O-O-O a6 11. g4 Nxe4 12. Nxe4 d5 13. Bc5 Qd7 14. Qe2 b6 15. d4
bxc5 16. dxe5 O-O 17. Ba2 Nxe5 18. Nxe5 Bxe5 19. Nxc5 Qd6 20. Nxe6 fxe6 21. Rhe1
Bf4+ 22. Kb1 Rf6 23. h4 Rb8 24. Qd3 Be5 25. Bb3 c5 26. c4 Rxf2 27. Qxg6+ Bg7 28.
Rxe6 Rxb2+ 29. Ka1 Qf8 0-1

[Event "10th dMP Batavia GM 2018"]
[Site "Amsterdam NED"]
[Date "2018.02.24"]
[Round "2.4"]
[White "Vrolijk, Liam"]
[Black "Sokolov, Ivan"]
[Result "0-1"]
[WhiteTitle "FM"]
[BlackTitle "GM"]
[WhiteElo "2427"]
[BlackElo "2567"]
[WhiteFideId "1048333"]
[BlackFideId "14400030"]
[EventDate "2018.02.23"]

1. d4 Nf6 2. c4 g6 3. f3 Bg7 4. e4 d6 5. Nc3 a6 6. Be3 O-O 7. Qd2 c6 8. Bd3 b5
9. Nge2 Nbd7 10. O-O e5 11. cxb5 axb5 12. a3 Bb7 13. Bc2 exd4 14. Nxd4 Nb6 15.
Bb3 Nfd7 16. Qf2 Nc4 17. Bxc4 bxc4 18. Qe2 d5 19. exd5 cxd5 20. Nc2 Re8 21. Qd2
Ne5 22. Bd4 Nd3 23. Bxg7 Kxg7 24. Nb5 Qf6 25. Qc3 Re2 26. Nbd4 Nf4 27. g3 Rxc2 0-1

[Event "10th dMP Batavia GM 2018"]
[Site "Amsterdam NED"]
[Date "2018.02.24"]
[Round "2.5"]
[White "Bosboom, Manuel"]
[Black "Nijboer, Friso"]
[Result "1/2-1/2"]
[WhiteTitle "IM"]
[BlackTitle "GM"]
[WhiteElo "2403"]
[BlackElo "2510"]
[WhiteFideId "1000080"]
[BlackFideId "1000063"]
[EventDate "2018.02.23"]

1. d4 f5 2. c4 Nf6 3. Nc3 e6 4. a3 Be7 5. g3 O-O 6. Bg2 Nc6 7. Nh3 d6 8. d5 Na5
9. dxe6 Nxc4 10. Nf4 c6 11. Qd3 d5 12. Qxf5 Ne4 13. Qh5 Nxc3 14. bxc3 Bf6 15.
O-O Qe8 16. Rb1 Qxh5 17. Nxh5 Bxc3 18. Nf4 Re8 19. Rd1 Nb6 20. Be3 Bxe6 21. Nxe6
Rxe6 22. Bxb6 axb6 23. Rxb6 Re7 24. Rb3 Bf6 25. e3 Kf8 26. Rdb1 b5 27. Rc1 Re6
28. Bh3 Rd6 29. Bf5 g6 30. Bd3 Ra4 31. Kg2 Ke7 32. f4 Kd8 33. Kf3 Be7 34. Rbc3
Kd7 35. e4 dxe4+ 36. Bxe4 Ra6 37. h4 Bf6 38. Rb3 Rd4 39. g4 Rda4 40. g5 Be7 1/2-1/2

[Event "10th dMP Batavia GM 2018"]
[Site "Amsterdam NED"]
[Date "2018.02.25"]
[Round "3.1"]
[White "Fier, Alexandr"]
[Black "Bosboom, Manuel"]
[Result "1/2-1/2"]
[WhiteTitle "GM"]
[BlackTitle "IM"]
[WhiteElo "2544"]
[BlackElo "2403"]
[WhiteFideId "2107139"]
[BlackFideId "1000080"]
[EventDate "2018.02.23"]

1. e4 c5 2. Nf3 e6 3. d4 cxd4 4. Nxd4 a6 5. c4 Nf6 6. Nc3 Qc7 7. Be2 Bb4 8. O-O
Bxc3 9. bxc3 d6 10. f3 Nbd7 11. Nc2 Nc5 12. Kh1 Bd7 13. Be3 Ba4 14. Qd2 h5 15.
Nb4 h4 16. Nd3 h3 17. g3 O-O-O 18. Qe1 Rhg8 19. Qf2 Nfd7 20. Nxc5 Nxc5 21. e5 b6
22. exd6 Rxd6 23. Bf4 g5 24. Bxd6 Qxd6 25. Qd4 Rd8 26. Qxd6 Rxd6 27. Kg1 f5 28.
Rfe1 Kc7 29. Bf1 Bc6 30. Re3 g4 31. fxg4 fxg4 32. Rae1 Rd2 33. R3e2 Rd8 34. Rc2
Be4 35. Rf2 Bf5 36. Rfe2 a5 37. a3 Rd6 38. Ra2 Ne4 39. Rc1 Nc5 40. Be2 Ne4 41.
Rb2 Rd8 42. Rd1 Rh8 43. c5 Nxc5 44. Rd4 Rg8 45. Bb5 Be4 46. Re2 Rg5 47. Bc4 Bf3
48. Re3 e5 49. Rd2 Kc6 50. Bf7 e4 51. c4 Nd3 52. Bd5+ Rxd5 53. cxd5+ Kxd5 54.
Rdxd3+ exd3 55. Rxd3+ Kc4 56. Re3 b5 57. Kf2 b4 58. axb4 axb4 59. Ke1 Kd4 60.
Kd2 Be4 61. Re1 b3 62. Kc1 Bc2 63. Kb2 Kd3 64. Re5 Kd2 65. Re7 Bd1 66. Re4 Bf3
67. Re8 Be2 68. Kxb3 Ke1 69. Kc3 Kf2 70. Kd2 Bf3 71. Rf8 Kg2 72. Ke1 Kxh2 73.
Kf2 Bc6 74. Rf4 Bd7 1/2-1/2

[Event "10th dMP Batavia GM 2018"]
[Site "Amsterdam NED"]
[Date "2018.02.25"]
[Round "3.2"]
[White "Nijboer, Friso"]
[Black "Vrolijk, Liam"]
[Result "1-0"]
[WhiteTitle "GM"]
[BlackTitle "FM"]
[WhiteElo "2510"]
[BlackElo "2427"]
[WhiteFideId "1000063"]
[BlackFideId "1048333"]
[EventDate "2018.02.23"]

1. e4 e5 2. Nf3 Nc6 3. Bb5 Nf6 4. d3 Bc5 5. Bg5 h6 6. Bh4 Be7 7. c3 O-O 8. Bg3
d6 9. h3 Nh7 10. d4 exd4 11. cxd4 d5 12. exd5 Nb4 13. O-O Nf6 14. Nc3 Nbxd5 15.
Bd3 Be6 16. Rc1 Nxc3 17. bxc3 c5 18. c4 cxd4 19. Nxd4 Bc5 20. Nxe6 fxe6 21. Qe2
Qe8 22. Rce1 Rd8 23. Bb1 Qf7 24. Be5 Bb4 25. Rd1 Qh5 26. Qxh5 Nxh5 27. Rxd8 Rxd8
28. Bg6 Nf6 29. Rb1 Nd7 30. Bg3 a5 31. Rd1 Kf8 32. Bc7 Ke7 33. Bxd8+ Kxd8 34.
Be4 1-0

[Event "10th dMP Batavia GM 2018"]
[Site "Amsterdam NED"]
[Date "2018.02.25"]
[Round "3.3"]
[White "Kevlishvili, Robby"]
[Black "Santos Ruiz, Miguel"]
[Result "1/2-1/2"]
[WhiteTitle "IM"]
[BlackTitle "IM"]
[WhiteElo "2469"]
[BlackElo "2505"]
[WhiteFideId "1040634"]
[BlackFideId "22291482"]
[EventDate "2018.02.23"]

1. e4 e5 2. Nf3 Nc6 3. Bb5 g6 4. c3 a6 5. Ba4 d6 6. d4 Bd7 7. O-O Bg7 8. h3 Nf6
9. Re1 O-O 10. dxe5 dxe5 11. Nbd2 Ne8 12. Qe2 Nd6 13. Bc2 f5 14. Nc4 f4 15. Nxd6
cxd6 16. Rd1 Rf6 17. Nh2 g5 18. Bd2 Qe8 19. Be1 h5 20. Rd3 Bf8 21. f3 Rg6 22.
Bf2 Nd8 23. Bb3+ Nf7 24. Rad1 Kh8 25. Bxf7 Qxf7 26. b3 Rc8 27. c4 Qg7 28. a4 Be6
29. Be1 Rc6 30. Bb4 Bc8 31. R1d2 Qc7 32. Ba3 a5 33. Qd1 b6 34. Rd5 Kg8 35. Kh1
Be7 36. R5d3 Bf8 37. Kg1 Kf7 38. Rd5 Ke8 39. Kh1 1/2-1/2

[Event "10th dMP Batavia GM 2018"]
[Site "Amsterdam NED"]
[Date "2018.02.25"]
[Round "3.4"]
[White "Sokolov, Ivan"]
[Black "Beerdsen, Thomas"]
[Result "1-0"]
[WhiteTitle "GM"]
[BlackTitle "IM"]
[WhiteElo "2567"]
[BlackElo "2445"]
[WhiteFideId "14400030"]
[BlackFideId "1030108"]
[EventDate "2018.02.23"]

1. d4 Nf6 2. c4 e6 3. Nc3 Bb4 4. e3 O-O 5. Bd3 d5 6. cxd5 exd5 7. Ne2 Re8 8. Bd2
c6 9. O-O Nbd7 10. f3 Nf8 11. Kh1 Ne6 12. Rc1 Bd6 13. Be1 b6 14. Bh4 Bb7 15. Qc2
h6 16. Rcd1 Ng5 17. Bxg5 hxg5 18. e4 dxe4 19. fxe4 Ng4 20. e5 c5 21. Qb3 Rf8 22.
Be4 c4 23. Qxc4 Ne3 24. Qd3 Nxd1 25. Bh7+ Kh8 26. Qh3 Bxg2+ 27. Kxg2 Ne3+ 28.
Kg1 Ng4 29. Be4+ Nh6 30. Rf6 1-0

[Event "10th dMP Batavia GM 2018"]
[Site "Amsterdam NED"]
[Date "2018.02.25"]
[Round "3.5"]
[White "Zatonskih, Anna"]
[Black "Kashlinskaya, Alina"]
[Result "1/2-1/2"]
[WhiteTitle "IM"]
[BlackTitle "IM"]
[WhiteElo "2447"]
[BlackElo "2459"]
[WhiteFideId "14101572"]
[BlackFideId "4198026"]
[EventDate "2018.02.23"]

1. e4 e5 2. Nf3 Nf6 3. Nc3 Nc6 4. Bb5 Nd4 5. Nxd4 exd4 6. e5 dxc3 7. exf6 Qxf6
8. dxc3 Qe5+ 9. Qe2 Qxe2+ 10. Bxe2 d5 1/2-1/2

[Event "10th dMP Batavia GM 2018"]
[Site "Amsterdam NED"]
[Date "2018.02.26"]
[Round "4.1"]
[White "Santos Ruiz, Miguel"]
[Black "Kashlinskaya, Alina"]
[Result "1-0"]
[WhiteTitle "IM"]
[BlackTitle "IM"]
[WhiteElo "2505"]
[BlackElo "2459"]
[WhiteFideId "22291482"]
[BlackFideId "4198026"]
[EventDate "2018.02.23"]

1. d4 Nf6 2. c4 e6 3. g3 d5 4. Bg2 Bb4+ 5. Bd2 Be7 6. Nf3 O-O 7. O-O Nbd7 8. Qc2
c6 9. Rd1 b6 10. b3 a5 11. Bg5 h6 12. Bxf6 Nxf6 13. Nbd2 Bb7 14. e4 Rc8 15. e5
Nd7 16. Nf1 c5 17. Ne3 cxd4 18. Nxd4 Nxe5 19. Qe2 Bf6 20. cxd5 exd5 21. Ndf5 Rc5
22. a3 Nd7 23. Rab1 Qc7 24. b4 axb4 25. axb4 Rc3 26. Bxd5 Ne5 27. Bxb7 Qxb7 28.
Nd5 Nf3+ 29. Kh1 Ng5 30. h4 Rd8 31. Qb5 Ne4 32. Kg1 Rcc8 33. Qxb6 Qxb6 34. Nxb6
Rc2 35. Nd5 Rxd5 36. Rxd5 Nc3 37. Rc5 h5 38. Rb3 g6 39. Ne3 Ne2+ 40. Kf1 Ra2 41.
Rc2 1-0

[Event "10th dMP Batavia GM 2018"]
[Site "Amsterdam NED"]
[Date "2018.02.26"]
[Round "4.2"]
[White "Beerdsen, Thomas"]
[Black "Nijboer, Friso"]
[Result "1-0"]
[WhiteTitle "IM"]
[BlackTitle "GM"]
[WhiteElo "2445"]
[BlackElo "2510"]
[WhiteFideId "1030108"]
[BlackFideId "1000063"]
[EventDate "2018.02.23"]

1. e4 c5 2. Nf3 d6 3. Nc3 a6 4. g3 e5 5. Bg2 Ne7 6. d3 Nbc6 7. O-O h6 8. Nd2 g6
9. Nc4 Bg7 10. f4 b5 11. Ne3 exf4 12. gxf4 Bb7 13. e5 dxe5 14. f5 gxf5 15. Nxf5
Nxf5 16. Rxf5 Qd4+ 17. Kh1 O-O-O 18. Rxf7 Rd7 19. Be3 Rxf7 20. Bxd4 cxd4 21.
Qg4+ Kb8 22. Qg6 1-0

[Event "10th dMP Batavia GM 2018"]
[Site "Amsterdam NED"]
[Date "2018.02.26"]
[Round "4.3"]
[White "Bosboom, Manuel"]
[Black "Zatonskih, Anna"]
[Result "0-1"]
[WhiteTitle "IM"]
[BlackTitle "IM"]
[WhiteElo "2403"]
[BlackElo "2447"]
[WhiteFideId "1000080"]
[BlackFideId "14101572"]
[EventDate "2018.02.23"]

1. Nf3 d5 2. g3 g6 3. Bg2 Bg7 4. c4 c6 5. Qc2 e5 6. d3 Ne7 7. h4 h6 8. Nbd2 Be6
9. Rb1 O-O 10. b4 Nd7 11. O-O f5 12. e3 e4 13. Nd4 Bf7 14. cxd5 cxd5 15. dxe4
dxe4 16. N2b3 Rc8 17. Qd2 Ne5 18. b5 Nc4 19. Qe2 Qb6 20. h5 gxh5 21. Bd2 Nxd2
22. Qxd2 h4 23. Bh3 Qg6 24. Kh2 Be5 25. Ne2 Rfd8 26. Nbd4 Bc4 27. Nf4 Bxf4 28.
gxf4 Bxf1 29. Rxf1 Kh8 30. Rd1 Rd5 31. a4 Qf6 32. Qb2 Rcd8 33. Rg1 Rf8 34. Qb4
Kh7 35. Rc1 Rfd8 36. Rc7 R8d7 37. Rxd7 Rxd7 38. Qc5 b6 39. Qc4 Kg7 40. Ne6+ Kh7
41. Nd4 Kg6 42. Kg1 Qd6 43. Kh2 Rc7 44. Qb3 Rc5 45. Bf1 Rd5 46. Ne2 Rd1 47. Bh3
Rd2 48. Bf1 Nd5 49. Qb1 Nf6 50. Bh3 Rxe2 51. Qg1+ Kf7 52. Bxf5 Kf8 53. Kh3 Qe7
54. Qf1 Rc2 55. Kh2 Qc5 0-1

[Event "10th dMP Batavia GM 2018"]
[Site "Amsterdam NED"]
[Date "2018.02.26"]
[Round "4.4"]
[White "Kevlishvili, Robby"]
[Black "Sokolov, Ivan"]
[Result "1/2-1/2"]
[WhiteTitle "IM"]
[BlackTitle "GM"]
[WhiteElo "2469"]
[BlackElo "2567"]
[WhiteFideId "1040634"]
[BlackFideId "14400030"]
[EventDate "2018.02.23"]

1. e4 e5 2. Nf3 Nc6 3. d4 exd4 4. Nxd4 Bc5 5. Be3 Qf6 6. c3 Nge7 7. Bb5 Bb6 8.
O-O O-O 9. a4 Qg6 10. Bd3 Bxd4 11. cxd4 Nb4 12. Nc3 Nxd3 13. Qxd3 d5 14. f3 c6
15. Qd2 f6 16. Bf4 Be6 17. Bd6 Rfe8 18. Rae1 dxe4 19. fxe4 Rad8 20. Bg3 Rd7 21.
Qe3 Bc4 22. Rf2 Nd5 23. Nxd5 Bxd5 24. e5 f5 25. b4 h6 26. e6 Rxe6 27. Be5 Be4
28. Qc3 Rd5 29. Re3 Qh5 30. h3 Qd1+ 31. Kh2 Rg6 32. Rg3 Qh5 33. Rxg6 Qxg6 34.
Rb2 Qe6 35. Qg3 Rd7 36. b5 Kh7 37. bxc6 Qxc6 38. a5 Qd5 39. Qa3 Rf7 40. Qc5 Qxc5
41. dxc5 g5 42. g3 Re7 43. Bd6 Re6 44. Kg1 a6 45. Kf2 h5 46. Rd2 h4 47. gxh4
gxh4 48. Ke3 Bg2+ 49. Kf4 Bxh3 50. Rh2 Bg4 51. Rxh4+ Rh6 1/2-1/2

[Event "10th dMP Batavia GM 2018"]
[Site "Amsterdam NED"]
[Date "2018.02.26"]
[Round "4.5"]
[White "Vrolijk, Liam"]
[Black "Fier, Alexandr"]
[Result "1/2-1/2"]
[WhiteTitle "FM"]
[BlackTitle "GM"]
[WhiteElo "2427"]
[BlackElo "2544"]
[WhiteFideId "1048333"]
[BlackFideId "2107139"]
[EventDate "2018.02.23"]

1. d4 Nf6 2. c4 g6 3. Nc3 d5 4. cxd5 Nxd5 5. e4 Nxc3 6. bxc3 Bg7 7. Bg5 c5 8.
Rc1 O-O 9. Nf3 Bg4 10. d5 Qd6 11. Be2 Bxf3 12. Bxf3 b5 13. O-O Nd7 14. Be2 c4
15. Qd2 Nc5 16. Qe3 e5 17. dxe6 Nxe6 18. Qd2 Qxd2 19. Bxd2 Nc5 20. f3 Rfd8 21.
Rfd1 Na4 22. Be1 a6 23. Kf1 Bf8 24. Rxd8 Rxd8 25. Rd1 Rc8 26. Rb1 Ba3 27. Bd1
Nb2 28. Bc2 a5 29. Ke2 Rd8 30. Bh4 Re8 31. Be1 Rb8 32. Bg3 Re8 33. Be1 Rb8 34.
Bg3 Re8 35. Be1 1/2-1/2

[Event "10th dMP Batavia GM 2018"]
[Site "Amsterdam NED"]
[Date "2018.02.27"]
[Round "5.1"]
[White "Sokolov, Ivan"]
[Black "Santos Ruiz, Miguel"]
[Result "1-0"]
[WhiteTitle "GM"]
[BlackTitle "IM"]
[WhiteElo "2567"]
[BlackElo "2505"]
[WhiteFideId "14400030"]
[BlackFideId "22291482"]
[EventDate "2018.02.23"]

1. d4 Nf6 2. c4 e6 3. Nc3 Bb4 4. e3 O-O 5. Ne2 d5 6. a3 Be7 7. cxd5 exd5 8. Nf4
Re8 9. Bd3 c6 10. O-O Nbd7 11. b4 Bd6 12. b5 Nf8 13. bxc6 bxc6 14. Qc2 Qc7 15.
h3 Ng6 16. Nfe2 Nh4 17. Kh1 Qe7 18. Ng3 Qe6 19. f4 g6 20. Bd2 c5 21. dxc5 Bxc5
22. e4 dxe4 23. Ncxe4 Nxe4 24. Bxe4 Nxg2 25. Bxg2 Bb7 26. f5 Bxg2+ 27. Kxg2 Qd5+
28. Rf3 Rad8 29. Bg5 f6 30. Bxf6 Re3 31. Rf1 Rde8 32. fxg6 h5 33. Qf5 1-0

[Event "10th dMP Batavia GM 2018"]
[Site "Amsterdam NED"]
[Date "2018.02.27"]
[Round "5.2"]
[White "Fier, Alexandr"]
[Black "Beerdsen, Thomas"]
[Result "1-0"]
[WhiteTitle "GM"]
[BlackTitle "IM"]
[WhiteElo "2544"]
[BlackElo "2445"]
[WhiteFideId "2107139"]
[BlackFideId "1030108"]
[EventDate "2018.02.23"]

1. Nf3 c5 2. c4 g6 3. d4 cxd4 4. Nxd4 Bg7 5. e4 Nc6 6. Be3 Nf6 7. Nc3 Ng4 8.
Qxg4 Nxd4 9. Qd1 Ne6 10. Rc1 d6 11. Be2 O-O 12. O-O b6 13. Qd2 Bb7 14. f3 Qd7
15. b4 Rac8 16. Nd5 Nc7 17. Nc3 Ne6 18. Rfe1 Ba6 19. Nd5 Bb7 20. Bf1 Nc7 21. Nc3
Rfd8 22. a4 Bxc3 23. Rxc3 Qxa4 24. b5 Qb4 25. Rec1 e6 26. Qa2 d5 27. cxd5 Ne8
28. dxe6 Rxc3 29. exf7+ Kf8 30. fxe8=R+ Rxe8 31. Qd2 Rec8 32. Rxc3 Rxc3 33. Bd4
Rb3 34. Qf4+ Ke7 35. Qc7+ 1-0

[Event "10th dMP Batavia GM 2018"]
[Site "Amsterdam NED"]
[Date "2018.02.27"]
[Round "5.3"]
[White "Zatonskih, Anna"]
[Black "Vrolijk, Liam"]
[Result "1/2-1/2"]
[WhiteTitle "IM"]
[BlackTitle "FM"]
[WhiteElo "2447"]
[BlackElo "2427"]
[WhiteFideId "14101572"]
[BlackFideId "1048333"]
[EventDate "2018.02.23"]

1. d4 Nf6 2. c4 e6 3. Nc3 Bb4 4. e3 O-O 5. Ne2 Re8 6. a3 Bf8 7. g3 d5 8. cxd5
exd5 9. Bg2 a5 10. O-O c6 11. b3 Na6 12. Bb2 Bf5 13. Nf4 Bd6 14. Re1 Qd7 15. Nd3
Bh3 16. Bh1 Rad8 17. Ne2 Nc7 18. Nef4 Bf5 19. Bg2 Ne6 20. Ne5 Qc8 21. Nfd3 Nf8
22. Rc1 Ng6 23. Nxg6 Bxg6 24. Ne5 Bf5 25. f3 h5 26. Qd2 1/2-1/2

[Event "10th dMP Batavia GM 2018"]
[Site "Amsterdam NED"]
[Date "2018.02.27"]
[Round "5.4"]
[White "Kashlinskaya, Alina"]
[Black "Bosboom, Manuel"]
[Result "0-1"]
[WhiteTitle "IM"]
[BlackTitle "IM"]
[WhiteElo "2459"]
[BlackElo "2403"]
[WhiteFideId "4198026"]
[BlackFideId "1000080"]
[EventDate "2018.02.23"]

1. d4 a6 2. e4 b5 3. Bd3 Bb7 4. Nf3 e6 5. O-O c5 6. dxc5 Bxc5 7. Nc3 Nc6 8. e5
f5 9. exf6 Nxf6 10. Bg5 O-O 11. a4 b4 12. Ne4 Be7 13. Qe2 Nd5 14. Rad1 Qc7 15.
Bc4 Nb6 16. Bb3 a5 17. Bxe7 Nxe7 18. Neg5 Nbd5 19. Qd3 Rf5 20. Rfe1 h6 21. Ne4
Raf8 22. c4 bxc3 23. bxc3 Ng6 24. c4 Ngf4 25. Qd2 Nxg2 26. cxd5 Rxf3 27. dxe6
Rxb3 28. e7 Re8 29. Qa2 Nxe1 30. Qxb3+ d5 31. Rxe1 Rxe7 32. Re3 Kh8 33. Rc3 Qe5
34. Nc5 d4 0-1